Die 10 größten Städte Chinas - Statistiken

Allgemein
  • Dieses Quiz wurde 62 mal gespielt
  • Das Durchschnittsergebnis liegt bei 6 aus 10
Antwortstatistiken
Hint Antwort % Korrekt
20.500.000 Peking
98%
39.300.000 Shanghai
96%
65.100.000 Shenzen / Guangzhou
85%
10.800.000 Wuhan
69%
11.600.000 Xi'an
61%
10.100.000 Chongqing
56%
14.100.000 Xiamen
54%
15.200.000 Chengdu
50%
11.200.000 Tianjin
44%
12.500.000 Hangzhou
33%
Keine übereinstimmenden Quizze gefunden
Verteilung der Resultate
Anzahl Personen mit jedem Resultat
Perzentil nach korrekt beantworteten Fragen
Ihre Resultats-Entwicklung
Sie haben dieses Quiz noch nicht gespielt